| 000 -ლიდერი |
| ფიქსირებული სიგრძის საკონტროლო ველი |
01858nam a2200301Ia 4500 |
| 001 - საკონტროლო ნომერი |
| საკონტროლო ველი |
20565 |
| 003 - საკონტროლო ნომრის იდენტიფიკატორი |
| საკონტროლო ველი |
GE_BSU |
| 005 - ბოლო ოპერაციის თარიღი და დრო |
| საკონტროლო ველი |
20210220233850.0 |
| 008 - ფიქსირებული სიგრძის მონაცემთა ელემენტები - ზოგადი ინფორმაცია |
| ფიქსირებული სიგრძის საკონტროლო ველი |
181216s2014||||ge |||||||||||||| ||geo|| |
| 020 ## - წიგნის საერთაშორისო სტანდარტული ნომერი |
| International Standard Book Number |
9789941232305 |
| 040 ## - კატალოგიზაციის წყარო |
| Transcribing agency |
GE_BSU |
| 041 ## - ენის კოდი |
| Language code of text/sound track or separate title |
geo |
| 080 ## - უნივერსალური ათობითი კლასიფიკაციის ინდექსი |
| Universal Decimal Classification number |
616.314(075.8) პ-19 |
| 245 ## - ცნობა სათაურის შესახებ |
| Title |
პაროდონტოლოგია : |
| Remainder of title |
სახელმძღვ. სტომატოლოგიის ფაკ. სტუდენტთათვის, რეზიდენტების და ექიმი-სტომატოლოგებისთვის / |
| Statement of responsibility, etc |
მანანა ივერიელი, ნინო აბაშიძე, ლალი ჯაში, ხატია გოგოლიშვილი ; რედ. : მარინა ყიფშიძე, ნათია ნაფეტვარიძე. |
| 264 ## - წარმოების, გამოცემის, დისტრიბუციის და სხვა ცნობები |
| გამოცემის, წარმოების, დისტრიბუციის... ადგილი |
თბილისი : |
| გამოცემის, წარმოების, დისტრიბუციის... სახელწოდება |
თბილისის სახელმწ. სამედიცინო უნ-ტის გამ-ბა, |
| გამოცემის, წარმოების, დისტრიბუციის... თარიღი |
2014. |
| 300 ## - ფიზიკური აღწერა |
| Extent |
356 გვ. ; |
| Dimensions |
38 სმ. |
| 653 ## - INDEX TERM--UNCONTROLLED |
| Uncontrolled term |
მედიცინა |
| 653 ## - INDEX TERM--UNCONTROLLED |
| Uncontrolled term |
პაროდონტოლოგია |
| 653 ## - INDEX TERM--UNCONTROLLED |
| Uncontrolled term |
სტომატოლოგია |
| 700 ## - ADDED ENTRY--PERSONAL NAME |
| Personal name |
ივერიელი, მანანა |
| Relator term |
ავტორი |
| 9 (RLIN) |
10171 |
| 700 ## - ADDED ENTRY--PERSONAL NAME |
| Personal name |
აბაშიძე, ნინო |
| Relator term |
ავტორი |
| 9 (RLIN) |
10172 |
| 700 ## - ADDED ENTRY--PERSONAL NAME |
| Personal name |
ჯაში, ლალი |
| Relator term |
ავტორი |
| 9 (RLIN) |
10173 |
| 700 ## - ADDED ENTRY--PERSONAL NAME |
| Personal name |
გოგოლიშვილი, ხატია |
| Relator term |
ავტორი |
| 9 (RLIN) |
10174 |
| 700 ## - ADDED ENTRY--PERSONAL NAME |
| Personal name |
ყიფშიძე, მარინა |
| Relator term |
რედაქტორი |
| 9 (RLIN) |
10175 |
| 700 ## - ADDED ENTRY--PERSONAL NAME |
| Personal name |
ნაფეტვარიძე, ნათია |
| Relator term |
რედაქტორი |
| Fuller form of name |
|
| 9 (RLIN) |
10176 |
| 942 ## - ADDED ENTRY ELEMENTS (KOHA) |
| Koha item type |
წიგნი |
| Source of classification or shelving scheme |
|